|
|
|
|
| LEADER |
00000nam a2200000Ii 4500 |
| 001 |
DIGUNAU0015 |
| 003 |
NyNyDIG |
| 006 |
m o d |
| 007 |
cr ||||||||||| |
| 008 |
130301s2010 ck ob 000 0 spa d |
| 020 |
|
|
|z 9789588366180
|
| 020 |
|
|
|z 9588366186
|
| 035 |
|
|
|a (OCoLC)888283232
|
| 040 |
|
|
|a DGITA
|b eng
|e pn
|c DGITA
|
| 050 |
1 |
4 |
|a B2430.F724 eBook
|
| 100 |
1 |
|
|a Ceron Gonsalez, Edgar William.
|
| 245 |
1 |
3 |
|a La filosofía politica en Michel Foucault :
|b una obra para repensar la política /
|c William Cerón González.
|
| 250 |
|
|
|a 2a. ed.
|
| 264 |
|
1 |
|a Medellín, Colombia :
|b Ediciones Universidad Autónoma Latinoamericana (UNAULA),
|c 2010.
|
| 300 |
|
|
|a 1 online resource (191 pages)
|
| 336 |
|
|
|a text
|b txt
|2 rdacontent
|
| 337 |
|
|
|a computer
|b c
|2 rdamedia
|
| 338 |
|
|
|a online resource
|b cr
|2 rdacarrier
|
| 490 |
1 |
|
|a Serie Cultura de la investigación.
|
| 504 |
|
|
|a Includes bibliographical references (p. 185-191).
|
| 600 |
1 |
0 |
|a Foucault, Michel,
|d 1926-1984.
|
| 650 |
|
0 |
|a Political science
|x History
|
| 655 |
|
0 |
|a Electronic books.
|
| 791 |
2 |
|
|a Digitalia (Firm),
|e distributor.
|
| 830 |
|
0 |
|a Cultura de la investigación.
|
| 793 |
0 |
|
|g Digitalia eBook Collection:
|a Ediciones UNAULA.
|
| 856 |
4 |
0 |
|3 Digitalia Hispánica
|u https://www.digitaliapublishing.com/a/17416/
|
| 910 |
|
|
|a Premium Collection: 2007-2012
|